| 000 | 00741nam a2200229Ii 4500 | ||
|---|---|---|---|
| 003 | JO-AjNU | ||
| 008 | 230605s9999||||xx |||||||||||||| ||und|| | ||
| 017 | _a2006/2/345 | ||
| 020 | _a9957-05-130-X | ||
| 040 |
_aJO-AjNU _bara _erda _cJO-AjNU |
||
| 041 | _aara | ||
| 050 | 1 | 4 | _aPJ6145.A14 2006 |
| 100 | 3 |
_aعبد الحميد، ليث اسعد, _eauthor _924533 |
|
| 245 | 0 | 0 | _aالزمن النحوي في الشعر الجاهلي |
| 250 | _aط1 | ||
| 264 | 3 | 1 | _aعمان: دار الضياء للنشر والتوزيع، 2006 |
| 300 | _a480ص | ||
| 336 |
_atext _btxt _2rdacontent |
||
| 337 |
_aunmediated _bn _2rdamedia |
||
| 338 |
_avolume _bnc _2rdacarrier |
||
| 650 | 4 |
_aالشعر العربي-العصر الجاهلي _924534 |
|
| 999 |
_aA9050 _c12618 _d12618 |
||